000
00244 a2200109 4500
245
_a
HARE, BABOON AND THEIR FRIENDS
_h
Text
020
_a
0869225219
100
_a
HARMON, ROGER
650
_a
African Literature
005
20191017172837.0
260
_c
1976
084
_a
NONE
999
_c
9446
_d
9446